LOTR: Trinkets of Middle-Earth: the Nauglamír - Statistics

General Stats
  • This quiz has been taken 55 times
  • The average score is 5 of 7
Answer Stats
Answer % Correct
Lúthien
91%
Elu Thingol
88%
Finrod Felagund
88%
Beren
85%
Dior
67%
Elwing
64%
Húrin
61%
No matching quizzes found
Score Distribution
Percent of People with Each Score
Percentile by Number Answered
Your Score History
You have not taken this quiz